00401nam a2200157Ia 4500003000500000008004100005020002200046040001900068082000700087100001700094245006500111260003700176300001000213365000800223546001200231STCL230729s9999 xx 000 0 und d a9788170339182qHB aSTCLcSTCLbEN 222 aMohan, Sudha 0aUrban development and new localism: urban politics in Mumbai bRawat PublicationsaJaipurc2005 a304 p b625 aEnglish